00861nam a2200241 i 450000500170000000800410001702000390005804000270009708200170012410000560014124500800019726400620027730000300033933600210036933700250039033800230041550000370043850000370047565000200051265000240053265000350055670000280059120260505160730.0260505s2025 my gr 000 0dmay d a9786299509332cRM35.00qpaperback  aPPAK bengcPPAK erda04223a297.38220 aNoor Hafiz,q(Mohd Noor Hafiz bin Halip),eauthor. 10aSAH KE [strikethrough] TAK SAH SOLAT? /cNOOR HAFIZ ; Editor: Irfan Ibrahim 1aPetaling Jaya, Selangor :bFaqih Group Sdn Bhd, c[2025?] aviii, 234 pages ;c23 cm  atext2rdacontent aunmediated2rdamedia avolume2rdacarrier aContains quotes from the Hadith. aIncludes questions and answers. 10aPrayerxIslam. 20aSalatxMiscellanea.20aIslamxCustoms and practices. 0 aIrfan Ibrahim,eeditor.